000 00633nam a2200241Ia 4500
003 OSt
005 20220918190240.0
006 a|||||r|||| 00| 0
007 ta
008 220917b |||||||| |||| 00| 0 eng d
024 _a55,533
037 _cTextual
040 _aARTS
_cARTS
_beng
041 _2eng
_aeng
082 _aP28,9D, N7
100 _aIngham B
_971672
245 0 _aArabian diversions
_b Studies on the dialects of Arabic
260 _aBerkshire
_bIthaca
_c1997
300 _axv, 193p.
_ccm.
650 _aLINGUISTICS
942 _hP28,9D, N7
_cTEXL
_2CC
999 _c184025
_d184025